000 00334nam a2200145Ia 4500
005 20251222144921.0
008 251222s9999||||xx |||||||||||||| ||spa||
020 _a9789972239366
082 _a863/B28/2005
100 _aBayly, Jaime
245 0 _aY de repente, un Ángel
250 _a1ra. ed.
264 _bPlaneta
942 _cLIB
999 _c22711
_d22711